000 00552nam a2200181Ia 4500
008 090123s9999 xx 000 0 und d
082 _b39875
100 _aआचार्य नयना शाम
245 _aसस्यशामला
250 _a1
260 _bगीता एजन्सीज
_c2006
300 _a199
600 _aआचार्य नयना शाम
630 _aसस्यशामला
700 _aआचार्य नयना शाम
730 _aसस्यशामला
942 _cBOOK
999 _c77947
_d77947